[Event "Amsterdam Science Park 2023"]
[Site "Science Park, Amsterdam, Netherlands"]
[Date "2023.07.19"]
[Round "5.11"]
[White "Golbach, Floris"]
[Black "Bosboom, Manuel"]
[Result "1/2-1/2"]
[WhiteElo "2035"]
[BlackElo "2374"]

1. d4 {[%clk 01:24:23]} {[%emt 00:06:36]} g6 {[%clk 01:28:08]} {[%emt
00:02:52]} 2. c4 {[%clk 01:24:10]} {[%emt 00:00:43]} Bg7 {[%clk 01:28:31]}
{[%emt 00:00:07]} 3. Nc3 {[%clk 01:24:35]} {[%emt 00:00:04]} d6 {[%clk
01:26:58]} {[%emt 00:02:03]} 4. e4 {[%clk 01:24:49]} {[%emt 00:00:16]} Nf6
{[%clk 01:26:06]} {[%emt 00:01:22]} 5. f3 {[%clk 01:24:45]} {[%emt 00:00:34]}
O-O {[%clk 01:23:38]} {[%emt 00:02:58]} 6. Be3 {[%clk 01:25:05]} {[%emt
00:00:08]} c5 {[%clk 01:23:12]} {[%emt 00:00:58]} 7. dxc5 {[%clk 01:24:24]}
{[%emt 00:01:11]} Nc6 {[%clk 01:21:01]} {[%emt 00:02:40]} 8. cxd6 {[%clk
01:23:18]} {[%emt 00:01:36]} Be6 {[%clk 01:20:45]} {[%emt 00:00:46]} 9. Rc1
{[%clk 01:12:04]} {[%emt 00:11:45]} exd6 {[%clk 01:16:55]} {[%emt 00:04:20]} 10.
Qd2 {[%clk 01:09:36]} {[%emt 00:02:58]} Re8 {[%clk 01:04:21]} {[%emt 00:13:04]}
11. Nd5 {[%clk 01:01:22]} {[%emt 00:08:43]} Ne5 {[%clk 00:49:53]} {[%emt
00:14:58]} 12. Ne2 {[%clk 00:50:51]} {[%emt 00:11:00]} Bxd5 {[%clk 00:46:31]}
{[%emt 00:03:54]} 13. cxd5 {[%clk 00:50:15]} {[%emt 00:01:06]} Neg4 {[%clk
00:45:41]} {[%emt 00:01:20]} 14. Nc3 {[%clk 00:40:00]} {[%emt 00:10:45]} Nxe3
{[%clk 00:43:37]} {[%emt 00:02:34]} 15. Qxe3 {[%clk 00:40:28]} {[%emt
00:00:02]} Rc8 {[%clk 00:38:58]} {[%emt 00:05:10]} 16. Be2 {[%clk 00:37:26]}
{[%emt 00:03:31]} Qa5 {[%clk 00:28:26]} {[%emt 00:11:03]} 17. O-O {[%clk
00:33:03]} {[%emt 00:04:52]} Rxc3 {[%clk 00:25:47]} {[%emt 00:03:10]} 18. bxc3
{[%clk 00:30:50]} {[%emt 00:02:43]} Nxd5 {[%clk 00:25:45]} {[%emt 00:00:33]} 19.
Qd3 {[%clk 00:30:26]} {[%emt 00:00:53]} Nxc3 {[%clk 00:23:40]} {[%emt
00:02:35]} 20. Rc2 {[%clk 00:29:31]} {[%emt 00:01:25]} Qc5+ {[%clk 00:18:00]}
{[%emt 00:06:10]} 21. Kh1 {[%clk 00:29:49]} {[%emt 00:00:12]} b5 {[%clk
00:17:49]} {[%emt 00:00:41]} 22. Rxc3 {[%clk 00:22:26]} {[%emt 00:07:53]} Bxc3
{[%clk 00:17:30]} {[%emt 00:00:49]} 23. Qxb5 {[%clk 00:22:49]} {[%emt
00:00:06]} Re5 {[%clk 00:14:31]} {[%emt 00:03:30]} 24. Qxc5 {[%clk 00:21:00]}
{[%emt 00:02:20]} Rxc5 {[%clk 00:12:26]} {[%emt 00:02:35]} 25. Bd1 {[%clk
00:19:34]} {[%emt 00:01:55]} d5 {[%clk 00:08:00]} {[%emt 00:04:56]} 1/2-1/2